02084agaaa2200289 45000010005000000030009000050050017000140070009000310080040000400400023000800410013001031000048001161300038001642450232002022500022004342600135004563000034005915080175006255110086008005200644008865380016015305460013015466500056015597000060016157000062016757000057017371505IT-RoPAU20220918181240.0d cvaizq50131s9999||||xx ||| | || ||und|| aIT-RoPAUcIT-RoPAU aITALIANO aDamiani DamianogCodice regista SPICS: 7592 aSORRISO DEL GRANDE TENTATORE (IL) aSORRISO DEL GRANDE TENTATORE (IL)cProdotto da: Nohra Anis -- Sceneggiatura: Damiani Damiano Onofrio Fabrizio Nohra Audrey -- Diretto da: Damiani DamianopSORRISO DEL GRANDE TENTATORE (IL) (Rif. Codice opera principale : 21505) aEdizione Standard aROMA - LONDON (ITALIA-INGHILTE)bEURO INT. FILMS - LIFEGUARD / Distribuzione: RAIg"1974 (1° ed.: 1983 ; Ed. Lingua Orig.: 1974)" aVHSbsonoro, col.c116 minuti a"Fotografia: Vulpiani Mario; Montaggio: Taylor Peter; Musica: Morricone Ennio; Sceneggiatura: Damiani Damiano Onofrio Fabrizio Nohra Audrey; Scenografia: Turco Umberto; " a"Jackson Glenda; Cassinelli Claudio; Harrow Lisa; Celi Adolfo; Del; Prete Duilio" aLA VICENDA SI SVOLGE IN UN CONVENTO RELIGIOSO ROMANO AI NOSTRI GIORNI LO SCRITTORE ROBERTO SOLINA E' STATO INVIATO DA MONS BADENSKI, POLACCO, A SCRIVERE UN LIBRO CHE SERVA A DISCOLPARE L'ECCLESIASTICO DI FRONTE AI SUOI SUPERIORI NEL CONVENTO VIVONO PERSONE LI' CONFINATE DALL'AUTORITA' DELLA CHIESA:PRETE OPERAIO CHE HA PRESO PARTE AGLI SCIOPERI CON GLI OPERAI VESCOVO CUBANO CHE HA APPOGGIATO FIDEL CASTRO MONS. BADESKI ACCUSATO DI AVER PARTEGGIATO PER I TEDESCHI NAZISTI PRINCIPE OTTAVIO RANIERI DI ARAGONA CHE HA UNA RELAZIONE INCESTUOSA CON LA SORELLA ALESSANDRA TEMA DEL POTERE DELLA CHIESA SULLE COSCIENZE E SULLE ANIME FILM A COLORI aPAL, STEREO aITALIANO aDRAMMATICOeFILMS [VHS]xCodice MATERIA SPICS: 9960 aDamiani Damiano e(regista)gCodice regista SPICS: 7592 aDamiani Damiano e(soggetto)gCodice Soggetto SPICS: 7592 aMorricone Ennioe(musica)gCodice Musica SPICS: 3535